| 000 | 00555nam a2200217Ia 4500 | ||
|---|---|---|---|
| 003 | OSt | ||
| 005 | 20220924113217.0 | ||
| 006 | a|||||r|||| 00| 0 | ||
| 007 | ta | ||
| 008 | 220923b |||||||| |||| 00| 0 urd d | ||
| 024 | _a43339 | ||
| 037 | _cDictionary | ||
| 040 |
_aARTS _cARTS _burd |
||
| 041 |
_2urd _aurd |
||
| 082 | _aQ7:21:ga12, 168N5 | ||
| 245 | 0 | _aBarrsagheer mein uloom - e - quraniyah ke makhtutat | |
| 260 | _c1995 | ||
| 650 | _aRELIGION | ||
| 942 |
_hQ7:21:ga12, 168N5 _cdic _2cc |
||
| 999 |
_c389574 _d389574 |
||